Origine des terrains de Super Smash Bros. Ultimate - Statistiques

Statistiques générales
  • Ce quiz a été pris 111 fois
    107 depuis la dernière actualisation
  • Le résultat moyen est 63 sur 115
Statistiques - réponses
Stage Jeu d'Origine % Correct
Champs de Bataille | Destination Finale Super Smash bros.
93%
75m Donkey Kong
84%
Royaume Champignon Super Mario Bros
80%
Royaume Champiternel Super Mario Bros
79%
Pokémon Stadium | Pokémon Stadium 2 Pokémon Stadium
78%
Château de Peach | Château de la Princesse Peach | Course Arc-en-ciel Super Mario 64
78%
Petit Champ de Bataille Super Smash bros. Ultimate
78%
Mario Galaxy Super Mario Galaxy
75%
Cascades Kongo | Jungle Kongo Donkey Kong Country
74%
Flat Zone X Fire / Chef / Lion / Oil Panic / Helmet
73%
Vallée Gérudo The Legend of Zelda : Ocarina of Time
73%
Circuit Mario Mario Kart 8
72%
Traversée de Laylat Star Fox
72%
Corneria | Vemon Star Fox / Star Wings
72%
Château Assiégé Fire Emblem
70%
Arène Fire Emblem : Shadow Dragon
70%
Mute City SNES F-Zero
70%
Monde Céleste Kid Icarus
70%
Zone Green Hill Sonic the Hedgehog
70%
Château d'Hyrule The legend of Zelda
69%
Studio Wii Fit Wii Fit
69%
Fourside | Magicant | Onett Earthbound
68%
Brinstar | Norfair | Profondeur de Brinstar Metroid
68%
Monde Minecraft Minecraft
67%
Ligue Pokémon de Kalos | Tour Prismique Pokémon X / Pokémon Y
67%
Ring de Boxe Punch-Out !!
67%
Super Mario Maker Super Mario Maker
67%
Place Delfino Super Mario Sunshine
67%
Manoir de Luigi Luigi's Mansion
65%
Ligue Pokémon d'Unys Pokémon Noir / Pokémon Blanc
65%
Tomodachi Life Tomodachi Life
65%
Mario Bros. Mario Bros.
64%
Île de Yoshi (Brawl) Super Mario World 2 : Yoshi's Island
64%
Tour du Prélude The legend of Zelda : Breath of the Wild
64%
Plaine de Gaur Xenoblade Chronicles
64%
Duck Hunt Duck Hunt
63%
Paper Mario Paper Mario : La porte millénaire / Paper Mario : Stickers Star
63%
Hôtel de Ville de New Donk City Super Mario Odyssey
63%
Pont d'Ordinn The legend of Zelda : Twilight Princess
63%
Tour de l'Horloge de l'Umbra Bayonetta
62%
PictoChat 2 PictoChat
60%
Château de Dracula Castlevania
59%
Sommet Ice Climber
59%
Safrania Pokémon Rouge / Pokémon Bleu
58%
Tortiland Animal crossing : New leaf
57%
Momentos Persona 5
57%
Grande Baie The legend of Zelda : Majora's Mask
57%
Stade Spring ARMS
56%
Bastion Oublier Kingdom hearts
56%
Colone Lance Pokémon Diamant / Pokémon Perle
54%
Vaisseau Pirate The legend of Zelda: the Wind Waker
54%
New Pork City Mother 3
53%
Cratère Nord | Midgar Final Fantasy VII
52%
Sukazu Castle Street Fighter II
52%
Arbre magique du bonheur | Yoshi's Story Yoshi's Story
52%
Forêt des Bombes Zero | Temple de Palutena Kid icarus : Uprising
51%
Château du Dr. Wily Mega Man II
51%
Mii en Péril Mii en Péril / Street Pass
51%
3D Land Super Mario 3D Land
51%
Circuit en 8 Mario Kart DS
49%
Royaume Champignon U New Super Mario Bros. U
48%
Planète Lointaine Pikmin
48%
Pilotwings Pilotwings
47%
Locomotive des Dieux The Legend of Zelda : Spirit Tracks
47%
Île de Shadow Moses Metal Gear Solid
46%
Tour Girelle Splatoon
46%
Vaste Champ de Bataille Super Smash bros. Pour Wii U et Nintendo 3DS
46%
Mer de Nuage d'Alrest Xenoblade Chronicles 2
46%
Montagne Perchée Banjo-Kazooie
44%
Dojo Mishima Tekken 7
44%
Arène Ferox Fire emblem : Awakening
43%
Royaume Champignon II Super Mario Bros. 2
43%
Salon Nintendogs
42%
Autel d'Yggdrasil Dragon Quest XI
41%
Wrecking Crew Wrecking Crew
41%
Célesbourg The Legend of Zelda : Skyward Sword
40%
Île Wuhu Wii Sport Resort
40%
Stade King of Fighter Fatal Fury : The King of Fighter
38%
Monastère de Garreg Mach Fire emblem : Three Houses
38%
Balloon Fight Balloon Fight
37%
Dream Land GB | Dream land | Vertes Prairies Kirby's Dream Land
36%
Frégate Orphéon Metroid Prime
36%
Pac-Land Pac-Land
35%
Île de Yoshi (Melee) Super Mario World
35%
Jungle des Jobards Donkey Kong 64
31%
Port Town Aero Drive F-Zero GX / F-Zero AX
31%
Verger de l'Espoir Pikmin 3
30%
Zone Windy Hill Sonic Lost World
26%
Temple Zelda II : The adventure of Link
26%
Fontaine des rêves Kirby's Adventure
25%
Butte au buttin New Super Mario Bros. 2
25%
Big Blue F-Zero X
23%
Grande Caverne du Péril | Halberd Kirby's Fun Pak
22%
Smashville Animal Crossing: Wild World
20%
Gamer Game & Wario
14%
Hanenbow Electroplankton
12%
Ville et Centre-Ville Animal Crossing : City Folk
7%
WarioWare,Inc. WarioWare, Inc.: Mega Mini-Jeux
5%
Aucun quiz correspondant
Distribution des résultats
% des personnes avec chaque résultat
Percentile par nombre de réponses
Votre historique - résultats
Vous n’avez pas pris ce quiz depuis la dernière actualisation